| 000 | 00584nam a2200169 a 4500 | ||
|---|---|---|---|
| 001 | ASIN0826918700 | ||
| 005 | 20140918173334.0 | ||
| 008 | 140918s1981 xxu eng d | ||
| 020 |
_a0826918700 (paperback) _c$15.96 |
||
| 020 | _a9780826918703 (paperback) | ||
| 100 | 1 | _aRiggs, Ronald D. | |
| 245 | 1 | 0 |
_aPrint reading for machine shop / _cRonald D. Riggs. |
| 260 |
_a[S.l.] : _bAmer Technical Pub, _c1981. |
||
| 300 | _a164 p. | ||
| 520 | _aBlueprint Reading for Machine Shop textbook. | ||
| 856 | 4 | 0 |
_3Amazon.com _uhttp://www.amazon.com/exec/obidos/ASIN/0826918700/chopaconline-20 |
| 999 |
_c10079 _d10079 |
||